Introduction a la teoría de la probabilidad y de la estadística

Saved in:
Bibliografiske detaljer
Main Authors: Arley, Neils (Author), Buch, K. Rander (Author)
Format: Bog
Sprog:spansk
Udgivet: Madrid Alhambra 1968
Serier:Exedra, 19
Fag:
Tags: Tilføj Tag
Ingen Tags, Vær først til at tagge denne postø!

MARC

LEADER 00000nam a2200000 a 4500
001 UCR8039
003 CL-VaPUC
008 980519e19680000SP |||||||||||||||||spa|d
082 0 4 |a 519.2  |b ARL  |2 21 
100 0 |a Arley, Neils  |e author  |9 409661 
700 0 |a Buch, K. Rander  |e author  |9 409662 
245 1 0 |a Introduction a la teoría de la probabilidad y de la estadística 
300 |a 302 p 
942 |c BK 
945 |d 19980519 00:00:00  |a crobeson 
260 |a Madrid  |b Alhambra  |c 1968 
650 0 |a Probabilidades   |9 260199 
650 0 |a Estadística   |9 259535 
583 |a last modification  |c 19980519 00:00:00  |k Rodrigo Vera 
490 0 |a Exedra, 19 
999 |c 269605  |d 269603 
952 |0 0  |1 0  |4 0  |6 519_200000000000000_ARL_1968  |7 0  |8 A  |9 303389  |a BIBGIM  |b BIBGIM  |d 2019-11-20  |i 1402625  |l 1  |o 519.2 ARL 1968  |p 1402625  |r 2025-03-11  |s 2025-03-11  |w 2019-11-20  |y BK  |k COM